Tragic safari; (Record no. 32601)
[ view plain ]
| 000 -LEADER | |
|---|---|
| fixed length control field | 00773cam a22002771 4500 |
| 001 - CONTROL NUMBER | |
| control field | 32601 |
| 003 - CONTROL NUMBER IDENTIFIER | |
| rucl marc code | BD-RjUL |
| 005 - DATE AND TIME OF LATEST TRANSACTION | |
| control field | 20211209051849.0 |
| 008 - FIXED-LENGTH DATA ELEMENTS--GENERAL INFORMATION | |
| fixed length control field | 191201s1956 xxka 000 0 eng |
| 035 ## - SYSTEM CONTROL NUMBER | |
| System control number | (BD-RjUL)32690 |
| System control number | (OCoLC)1661864 |
| 040 ## - CATALOGING SOURCE | |
| Original cataloging agency | DLC |
| Transcribing agency | FMU |
| Modifying agency | Uk |
| -- | DLC |
| Language of cataloging | eng |
| 041 1# - LANGUAGE CODE | |
| Language code of text/sound track or separate title | engfre |
| 082 00 - DEWEY DECIMAL CLASSIFICATION NUMBER | |
| Classification number | 799.296 |
| Edition number | 23 |
| Author mark and year | MAT 1956 |
| 100 1# - MAIN ENTRY--PERSONAL NAME | |
| Personal name | Mahuzier, Albert. |
| 9 (RLIN) | 235774 |
| 245 10 - TITLE STATEMENT | |
| Title | Tragic safari; |
| Statement of responsibility, etc. | Albert mahuzier |
| 260 ## - PUBLICATION, DISTRIBUTION, ETC. (IMPRINT) | |
| Place of publication, distribution, etc. | London : |
| Name of publisher, distributor, etc. | Elek Books , |
| Date of publication, distribution, etc. | [1956] |
| 300 ## - PHYSICAL DESCRIPTION | |
| Pagination | 144 p. : |
| Illustrations | illus.; |
| Size | 23 cm. |
| 650 ## - SUBJECT ADDED ENTRY--TOPICAL TERM | |
| Topical term or geographic name as entry element | Photography of animals |
| 9 (RLIN) | 235775 |
| Topical term or geographic name as entry element | Hunting |
| Geographic subdivision | Africa |
| 9 (RLIN) | 235776 |
| 906 ## - LOCAL DATA ELEMENT F, LDF (RLIN) | |
| a | 7 |
| b | cbc |
| c | oclcrpl |
| d | u |
| e | ncip |
| f | 19 |
| g | y-gencatlg |
| 942 ## - ADDED ENTRY ELEMENTS (KOHA) | |
| Source of classification or shelving scheme | Dewey Decimal Classification |
| Koha item type | Books |
| Lost status | Source of classification or shelving scheme | Damaged status | Not for loan | Collection code | Permanent Location | Current Location | Shelving location | Date acquired | Source of acquisition | Cost, normal purchase price | Total Checkouts | Full call number | Date last seen | Copy number | Koha item type |
|---|---|---|---|---|---|---|---|---|---|---|---|---|---|---|---|
| Dewey Decimal Classification | Not For Loan | Non-fiction | Central Library, University of Rajshahi | Central Library, University of Rajshahi | Reading Room | 29/05/1964 | Zeitlinger | 16.00 | 799.296 MAT 1956 | 01/12/2019 | C-1 | Books |